Comida que começa com M - Statistics

Estatísticas Gerais
  • Esse quiz foi jogado 235 vezes
  • A pontuação média é 10 de 35
Estatísticas das Respostas
Hint Resposta % Correto
1. Maçã
97%
32. Mel
90%
5. Melância
80%
6. Melão
74%
3. Morango
65%
10. Massa
59%
23. Milho
57%
2. Mamão
55%
7. Manga
52%
8. Maracujá
42%
22. Mandioca
35%
14. Mousse
35%
24. Maionese
34%
35. Mostarda
34%
18. Manteiga
29%
30. Mortadela
24%
29. Margarina
22%
20. Mexilhão
19%
13. Mussarela
18%
16. Marmelada
16%
9. Merengue
14%
31. Manjericão
12%
11. Marisco
9%
4. Meloa
8%
17. Marshmallow
5%
21. Malagueta
4%
27. Molusco
4%
26. Moelas
3%
19. Manteiga de amendoim
2%
33. Mil-folhas
2%
28. Madalenas
1%
25. Medronho
1%
34. Morcela
1%
15. Marmelos
0%
12. Massada
0%
Nenhum quiz correspondente encontrado
Distribuição das Pontuações
Porcentagem de Pessoas com Cada Pontuação
Percentil de Números Respondidos
Sua Pontuação Histórica
Você não jogou esse quiz